000 00768nam a2200205 a 4500
008 110905s2003 ||||||||||||||||| || u
020 _a0323005063
050 _aRC 48 Pro
100 _aPfenninger, John L
245 1 0 _aPfenninger and Fowler's procedures for primary care. -- 2nd ed.
_cedited by John L. Pfenninger and Grant C. Fowler
250 _a2nd ed.
260 _aSt. Louis:
_bMosby
_c2003
300 _axxxi, 2080p.: ill.
350 _a0.00
650 _aSURGERY, MINOR
650 _aMEDICINE
650 _aPRIMARY CARE (MEDICINE)
700 _aFowler, Grant C
995 _aMEDICAL LIBRARY OPEN ACCESS
_D0.00
_e900089
_FCBU-SCHOOL OF MEDICINE LIBRARY (Ndola)
_H1
_I0.00
_jRC 48 PRO
_M1
_UAVAILABLE
_WOct 26, 2011
_y900089
_ZMedical Library Open Access Collection
999 _c32361
_d32361